00665 2200241 4500001002100000005001700021008004100038035002500079082001100104090001700115100002000132245004700152260006900199300002500268500003100293650003200324850001200356990001100368990001100379990001100390990001100401990001100412YOGYA-0512000000032320150423142147.0 ind  a0010-051200000000323 a899.21 a899.21 Fan S aFANANI, Muhamad aSyair qawaid al-Islamcoleh Muhamad Fanani aJakartabPusat Pembinaan dan Pengembangan Bahasa Depdikbudc1984 axi, 279 hlm.c21 cm. aBibliografi : hlm. 269-270 aKesusastraan Melayu - Puisi aYOPDYOG a1274-A a1274-A a1274-A a1274-A a1274-A